| 000 | 00634nam a22001697a 4500 | ||
|---|---|---|---|
| 005 | 20150602072621.0 | ||
| 008 | 150602b xxu||||| |||| 00| 0 eng d | ||
| 041 | 0 | _aeng | |
| 080 | _a519.717 | ||
| 100 | _aHamilton. Ian | ||
| 245 |
_aTransformation of cities in Central and Eastern Europe : _cedited by F.E. Ian Hamilton, Kaliopa Dimitrovska Andrews, and Nataša Pichler-Milanović. |
||
| 260 |
_aTokyo ; _bUnited Nations University Press, _cc2005. |
||
| 300 |
_axvi, 519 f. : _bme il.; _c24 cm. |
||
| 650 | 0 | _2Transformimi i qyteteve ne europen qendrore dhe lindore | |
| 700 | 1 | _aIan Hamilton | |
| 942 |
_2udc _cBK |
||
| 999 |
_c975 _d975 |
||